00443nam a22001577a 4500003000500000005001700005008004100022020001800063040000600081082001200087100001700099245006800116260002900184300001200213650006000225CEME20210628202448.0210122b xxu||||| |||| 00| 0 eng d a1-84112-514-8 c. a658 LAN aLangdon, Ken aThe 100 greatest ideas for building the business of your dreams aNEW YORKbCAPSTONEc2000 aX,159 P aGREATEST IDEAS FOR BUILDING THE BUSINESS OF YOUR DREAMS